000 01474nam0a2200325 i 4500
001 RU\NLR\BIBL_A\011187426
005 20240921160714.0
010 _a9785946173855
_9500
021 _aRU
_b2016-53634
_93414
035 _a(NILC)RuMoRGB-008540183
035 _a(NLR Aleph) 011187426
090 _a11849317
_c11849317
100 _a20160802d2016 k y0rusy50 ca
101 0 _arus
102 _aRU
105 _ay|||z||||||y|
200 1 _aОрганизация и деятельность окружных органов советской власти в Сибирском крае в 1925-1930 гг.
_fП. В. Сорокун
_gМ-во сельского хоз-ва Российской Федерации, ФГБОУ ВО "Красноярский гос. аграрный ун-т", Ачинский фил.
210 _aКрасноярск
_cКрасноярский государственный аграрный университет
_d2016
215 _a183 с.
_cтабл.
_d21
320 _aБиблиогр.: с. 139-151
606 1 _aОрганы государственной власти
_xИстория
_yСибирь
_92435387
_3RU\NLR\AUTH\661449247
610 0 _aокружные органы власти
675 _a342
686 1 _aХ620.611-1
700 1 _aСорокун
_bП. В.
_gПавел Владимирович
801 0 _aRU
_bРГБ
_c20160707
_gRCR
942 _cBOOK
980 _aNBR